| 000 | 00760nam a2200277 i 4500 | ||
|---|---|---|---|
| 001 | 34047 | ||
| 003 | BD-RjUL | ||
| 005 | 20211209052111.0 | ||
| 008 | 140512t19811980nyu b 001 0 eng | ||
| 020 | _a0330263374 | ||
| 035 | _a(BD-RjUL)34141 | ||
| 040 |
_aDLC _cDLC _dBD-RjUL _beng |
||
| 041 | _aeng | ||
| 082 | 0 | 0 |
_a303.4 _bTOT 1981 |
| 100 | 1 |
_aToffler, Alvin. _9103478 |
|
| 245 | 1 | 4 |
_aThe third wave / _cAlvin Toffler. |
| 260 |
_aNew York : _bMorrow, _cc1980 [1981]. |
||
| 300 |
_a544 p. ; _c18 cm. |
||
| 504 | _aInclude bibliography and index. | ||
| 650 | 0 |
_aSocial history _y1945- _954623 |
|
| 650 | 0 |
_aSocial change. _9103479 |
|
| 650 | 0 |
_aCivilization, Modern _y1950- _96436 |
|
| 942 |
_2ddc _cBK |
||
| 999 |
_c34047 _d34047 |
||